Guess The Team Overall In Madden 21 - Statistics

General Stats
  • This quiz has been taken 212 times
  • The average score is 31 of 32
Answer Stats
Team Overall % Correct
49ers 89
99%
Jaguars 74
98%
Football Team 74
98%
Bengals 75
98%
Jets 75
98%
Giants 76
98%
Dolphins 76
98%
Rams 78
98%
Lions 78
98%
Chargers 81
98%
Falcons 81
98%
Colts 83
98%
Bills 83
98%
Vikings 83
98%
Cowboys 86
98%
Packers 86
98%
Ravens 87
98%
Chiefs 88
98%
Panthers 77
97%
Patriots 79
97%
Broncos 79
97%
Raiders 80
97%
Titans 80
97%
Cardinals 80
97%
Browns 82
97%
Bears 82
97%
Eagles 84
97%
Steelers 84
97%
Texans 84
97%
Buccaneers 85
97%
Seahawks 85
97%
Saints 93
96%
No matching quizzes found
Score Distribution
Percent of People with Each Score
Percentile by Number Answered
Your Score History
You have not taken this quiz